Đề phòng, khống chế dịch bệnh thường gặp ở vịt
Hướng dẫn cách phòng chống những loại bệnh ở vịt. Từ các bệnh truyền nhiễm (do vi rút, vi khuẩn...) đến các bệnh ký sinh trùng (sán, giun chỉ, cầu trùng, trùng roi. trùng bào tử ẩn) và bệnh chuyển hóa và bệnh trúng độc ở vịt....
שמור ב:
| פורמט: | ספר |
|---|---|
| שפה: | Undetermined |
| יצא לאור: |
Hà Nội
Lao động - Xã hội
2016
|
| נושאים: | |
| תגים: |
הוספת תג
אין תגיות, היה/י הראשונ/ה לתייג את הרשומה!
|
| Thư viện lưu trữ: | Trung tâm Học liệu Trường Đại học Cần Thơ |
|---|
| LEADER | 00951nam a2200205Ia 4500 | ||
|---|---|---|---|
| 001 | CTU_217743 | ||
| 008 | 210402s9999 xx 000 0 und d | ||
| 020 | |c 27000 | ||
| 082 | |a 636.597 | ||
| 082 | |b Đ250 | ||
| 245 | 0 | |a Đề phòng, khống chế dịch bệnh thường gặp ở vịt | |
| 245 | 0 | |c Hoàng Kim (Biên soạn) | |
| 260 | |a Hà Nội | ||
| 260 | |b Lao động - Xã hội | ||
| 260 | |c 2016 | ||
| 520 | |a Hướng dẫn cách phòng chống những loại bệnh ở vịt. Từ các bệnh truyền nhiễm (do vi rút, vi khuẩn...) đến các bệnh ký sinh trùng (sán, giun chỉ, cầu trùng, trùng roi. trùng bào tử ẩn) và bệnh chuyển hóa và bệnh trúng độc ở vịt. | ||
| 650 | |a Vịt,Ducks | ||
| 650 | |x Chăn nuôi,Breeding | ||
| 904 | |i Hải | ||
| 980 | |a Trung tâm Học liệu Trường Đại học Cần Thơ | ||